<?xml version="1.0" encoding="UTF-8"?><?xml-stylesheet type="text/xsl" href="static/style.xsl"?><OAI-PMH xmlns="http://www.openarchives.org/OAI/2.0/" xmlns:xsi="http://www.w3.org/2001/XMLSchema-instance" xsi:schemaLocation="http://www.openarchives.org/OAI/2.0/ http://www.openarchives.org/OAI/2.0/OAI-PMH.xsd"><responseDate>2026-04-13T15:11:45Z</responseDate><request verb="GetRecord" identifier="oai:www.recercat.cat:2117/166928" metadataPrefix="marc">https://recercat.cat/oai/request</request><GetRecord><record><header><identifier>oai:recercat.cat:2117/166928</identifier><datestamp>2026-02-04T07:20:43Z</datestamp><setSpec>com_2072_1033</setSpec><setSpec>col_2072_452950</setSpec></header><metadata><record xmlns="http://www.loc.gov/MARC21/slim" xmlns:dcterms="http://purl.org/dc/terms/" xmlns:xsi="http://www.w3.org/2001/XMLSchema-instance" xmlns:doc="http://www.lyncode.com/xoai" xsi:schemaLocation="http://www.loc.gov/MARC21/slim http://www.loc.gov/standards/marcxml/schema/MARC21slim.xsd">
   <leader>00925njm 22002777a 4500</leader>
   <datafield ind2=" " ind1=" " tag="042">
      <subfield code="a">dc</subfield>
   </datafield>
   <datafield ind2=" " ind1=" " tag="720">
      <subfield code="a">Millán Marco, Pere</subfield>
      <subfield code="e">author</subfield>
   </datafield>
   <datafield ind2=" " ind1=" " tag="720">
      <subfield code="a">Aliagas Castell, Carles</subfield>
      <subfield code="e">author</subfield>
   </datafield>
   <datafield ind2=" " ind1=" " tag="720">
      <subfield code="a">Molina Clemente, Carlos Maria</subfield>
      <subfield code="e">author</subfield>
   </datafield>
   <datafield ind2=" " ind1=" " tag="720">
      <subfield code="a">Dimogerontakis, Emmanouil</subfield>
      <subfield code="e">author</subfield>
   </datafield>
   <datafield ind2=" " ind1=" " tag="720">
      <subfield code="a">Meseguer Pallarès, Roc</subfield>
      <subfield code="e">author</subfield>
   </datafield>
   <datafield ind2=" " ind1=" " tag="260">
      <subfield code="c">2019-05-01</subfield>
   </datafield>
   <datafield ind2=" " ind1=" " tag="520">
      <subfield code="a">Community Networks have been around us for decades being initially deployed in the USA and Europe. They were designed by individuals to provide open and free “do it yourself” Internet access to other individuals in the same community and geographic area. In recent years, they have evolved as a viable solution to provide Internet access in developing countries and rural areas. Their social impact is measurable, as the community is provided with the right and opportunity of communication. Community networks combine wired and wireless links, and the nature of the wireless medium is unreliable. This poses several challenges to the routing protocol. For instance, Link-State routing protocols deal with End-to-End Quality tracking to select paths that maximize the delivery rate and minimize traffic congestion. In this work, we focused on End-to-End Quality prediction by means of time-series analysis to foresee which paths are more likely to change their quality. We show that it is possible to accurately predict End-to-End Quality with a small Mean Absolute Error in the routing layer of large-scale, distributed, and decentralized networks. In particular, we analyzed the path ETX behavior and properties to better identify the best prediction algorithm. We also analyzed the End-to-End Quality prediction accuracy some steps ahead in the future, as well as its dependency on the hour of the day. Besides, we quantified the computational cost of the prediction. Finally, we evaluated the impact of the usage for routing of our approach versus a simplified OLSR (ETX + Dijkstra) on an overloaded network.</subfield>
   </datafield>
   <datafield ind2=" " ind1=" " tag="520">
      <subfield code="a">Peer Reviewed</subfield>
   </datafield>
   <datafield ind2=" " ind1=" " tag="520">
      <subfield code="a">Postprint (published version)</subfield>
   </datafield>
   <datafield tag="653" ind2=" " ind1=" ">
      <subfield code="a">Àrees temàtiques de la UPC::Enginyeria de la telecomunicació::Telemàtica i xarxes d'ordinadors</subfield>
   </datafield>
   <datafield tag="653" ind2=" " ind1=" ">
      <subfield code="a">Wireless LANs</subfield>
   </datafield>
   <datafield tag="653" ind2=" " ind1=" ">
      <subfield code="a">Community networks</subfield>
   </datafield>
   <datafield tag="653" ind2=" " ind1=" ">
      <subfield code="a">End-to-end quality prediction</subfield>
   </datafield>
   <datafield tag="653" ind2=" " ind1=" ">
      <subfield code="a">Time-series analysis</subfield>
   </datafield>
   <datafield tag="653" ind2=" " ind1=" ">
      <subfield code="a">Xarxes locals sense fil Wi-Fi</subfield>
   </datafield>
   <datafield ind2="0" ind1="0" tag="245">
      <subfield code="a">Time series analysis to predict end-to-end quality of wireless community networks</subfield>
   </datafield>
</record></metadata></record></GetRecord></OAI-PMH>